Fußball: Jüngste deutsche Nationalspieler (seit 1990) - Statistiken

Allgemein
  • Dieses Quiz wurde 321 mal gespielt
    91 seit der letzten Aktualisierung
  • Das Durchschnittsergebnis liegt bei 25 aus 50
Antwortstatistiken
Jahr Alter Verein Spieler % Korrekt
2021 18J 3M Leverkusen Florian Wirtz
96%
2021 18J Bayern Jamal Musiala
93%
2012 18J 8M Schalke Julian Draxler
89%
2022 17J 11M Dortmund Youssoufa Moukoko
88%
2004 19J Köln Lukas Podolski
84%
2021 19J 7M Salzburg Karim Adeyemi
80%
2018 19J 2M Leverkusen Kai Havertz
77%
2010 18J 5M Dortmund Mario Götze
77%
2015 19J 10M Schalke Leroy Sane
74%
2010 20J 5M Bayern Thomas Müller
73%
2004 19J 10M Bayern Bastian Schweinsteiger
72%
2004 20J 3M Stuttgart (L) Philipp Lahm
72%
2014 20J 1M Freiburg Matthias Ginter
70%
2010 20J Mainz Andre Schürrle
67%
2016 20J Leverkusen Julian Brandt
67%
2017 21J Leipzig Timo Werner
67%
2010 20J 1M Leverkusen (L) Toni Kroos
64%
2024 20J 1M Bayern Aleksandar Pavlovic
63%
2022 20J 9M Southampton Armel Bella-Kotchap
59%
2009 21J 1M Hamburg Jérôme Boateng
59%
2014 19J 3M Schalke Leon Goretzka
57%
2009 20J 3M Bremen Mesut Özil
54%
2016 20J 1M Leverkusen Jonathan Tah
52%
2014 18J 7M Schalke Max Meyer
51%
2025 19J 11M Hoffenheim Tom Bischof
51%
2004 20J Chelsea Robert Huth
49%
2004 20J Hannover Per Mertesacker
48%
1997 21J 2M Dortmund Lars Ricken
43%
2010 21J 2M Bayern Holger Badstuber
42%
2010 20J 1M Mainz (L) Lewis Holtby
41%
2014 19J 11M Wolfsburg Maxi Arnold
41%
2011 20J 11M Dortmund Ilkay Gündogan
40%
2008 19J 2M Gladbach Marko Marin
40%
2012 20J Gladbach Marc-Andre ter Stegen
38%
2000 20J 1M Hertha Sebastian Deisler
37%
2001 21J 3M Freiburg Sebastian Kehl
36%
2014 21J 2M Freiburg Christian Günter
33%
2005 19J 9M Gladbach Marcell Jansen
31%
2003 21J Stuttgart Kevin Kuranyi
28%
2016 20J 11M Hoffenheim Niklas Süle
28%
2003 21J 1M Stuttgart Andreas Hinkel
27%
2001 20J 9M Dortmund Christoph Metzelder
25%
2014 21J 2M Stuttgart Antonio Rüdiger
23%
2016 20J 8M Dortmund Julian Weigl
23%
2003 21J 1M Wolfsburg Tobias Rau
21%
2016 19J 8M Leverkusen Benjamin Henrichs
17%
1992 19J 11M Leverkusen Christian Wörns
17%
2007 19J 9M Leverkusen Gonzalo Castro
17%
2005 19J 10M Köln Lukas Sinkiewicz
10%
1999 21J 1M Lautern Marco Reich
7%
Keine übereinstimmenden Quizze gefunden
Verteilung der Resultate
Anzahl Personen mit jedem Resultat
Perzentil nach korrekt beantworteten Fragen
Ihre Resultats-Entwicklung
Sie haben dieses Quiz seit der letzten Aktualisierung nicht gespielt